El Cólera morbo asiático y la medicación sulfurosa / Francisco Arró Triay
Descripción Física:
20 p. ; 21 cm
Materias:
Còlera -- Tractament
MARC
| LEADER | 00000nam a2200000Ia 4500 | ||
|---|---|---|---|
| 001 | 23345 | ||
| 008 | 160829s1884 xx 000 0 cat d | ||
| 080 | |a RF-16-58 | ||
| 100 | |a Arró Triay, Francisco |9 48689 | ||
| 245 | |a El Cólera morbo asiático y la medicación sulfurosa / Francisco Arró Triay | ||
| 260 | |a Barcelona : |b Imprenta de Víctor Berdós y Feliu, |c 1884 | ||
| 300 | |a 20 p. ; |c 21 cm | ||
| 590 | |a Prové de 1032, exp. 2 | ||
| 650 | |a Còlera |x Tractament |9 48690 | ||
| 856 | 4 | |u https://media.diba.cat/diba/fitxers/arxiu/fulletons/bib_23345_1884_baixa.pdf |y Accés lliure | |
| 856 | 4 | |u https://media.diba.cat/diba/fitxers/arxiu/fulletons/bib_23345_1884_baixa.pdf |y Accés lliure | |
| 901 | |a Arxiu | ||
| 942 | |n 1 |2 udc | ||
| 952 | |0 0 |1 0 |4 0 |6 RF1658 |7 1 |9 54778 |a Arxiu |b Arxiu |d 2012-01-03 |l 0 |o RF-16-58 |p 23345 |r 2016-12-01 00:00:00 |w 2016-12-01 |y ARXIU | ||
| 999 | |c 58647 |d 58647 | ||
| 900 | |a bib_23345_1884_baixa.pdf | ||